MARC

LEADER 00000nam0a2200000 4500
001 247364
005 20231101232307.0
035 |a (RuTPU)RU\TPU\book\268849 
090 |a 247364 
100 |a 20131224d1989 k y0rusy50 ca 
101 0 |a rus 
102 |a RU 
105 |a y z 101zy 
200 1 |a Теория и практика электроосаждения металлов и сплавов  |e тезисы докладов к зональной конференции, 4-5 сентября, 1989 г. Пенза  |f Пензенский дом научно-технической пропаганды ; Пензенский политехнический институт ; под ред. С. Н. Виноградова 
210 |a Пенза  |c Изд-во ПДНТП  |d 1989 
215 |a 87 с. 
320 |a Библиография в конце докладов. 
606 1 |a Гальванические покрытия  |x Нанесение  |2 stltpush  |3 (RuTPU)RU\TPU\subj\5499  |9 33556 
610 1 |a металлы 
610 1 |a осаждение электролитическое 
610 1 |a сплавы 
610 1 |a теория 
610 1 |a практика 
610 1 |a конференции 
675 |a 621.357.74(063)  |v 3 
702 1 |a Виноградов  |b С. Н.  |g Станислав николаевич  |4 340 
712 0 2 |a Пензенский дом научно-технической пропаганды  |2 stltpush  |3 (RuTPU)RU\TPU\col\14045  |9 25866 
712 0 2 |a Пензенский политехнический институт  |2 stltpush  |3 (RuTPU)RU\TPU\col\14047  |9 25868 
712 0 2 |a Теория и практика электроосаждения металлов и сплавов  |b зональная конференция  |e Пенза  |f 1989 
801 1 |a RU  |b 63413507  |c 20131224 
801 2 |a RU  |b 63413507  |c 20131225  |g RCR 
942 |c BK